Asian Separatist Movements - Statistics

General Stats
  • This quiz has been taken 16 times
    13 since last reset
  • The average score is 22 of 87
Answer Stats
Picture Hint Answer % Correct
Georgia Abkhazia
75%
China Hong Kong
75%
China Macau
75%
Indonesia Bali
50%
India Khalistan/Punjab
50%
Russia Siberia
50%
Georgia South Ossetia
50%
Myanmar Wa State
50%
Georgia Adjara
38%
Russia Buryatia
38%
Russia Chechnya
38%
Russia Circassia
38%
Russia Dagestan
38%
China East Turkestan
38%
India Goa
38%
India Jammu and Kashmir
38%
Malaysia Johor
38%
Iran/Iraq/Syria/Turkey Kurdistan
38%
China Manchuria
38%
Japan Okinawa
38%
Indonesia Sulawesi
38%
China Tibet
38%
Russia Ural Republic
38%
Indonesia Aceh
25%
Russia Agin-Buryat Autonomous Okrug/Agin-Buryatia
25%
Russia Altai
25%
Myanmar Arakan/Rakhine
25%
Azerbaijan Artsakh
25%
India Assam
25%
Pakistan Azad Kashmir
25%
Pakistan Balochistan
25%
Bangladesh Chittagong
25%
Russia Chukotka
25%
Russia Evenkia
25%
Pakistan Gilgit–Baltistan
25%
China Guangdong
25%
China Guangxi
25%
China Inner Mongolia
25%
Russia Jewish Autonomous Oblast
25%
Russia Kalmykia
25%
Uzbekistan Karakalpakstan
25%
Russia Khakassia
25%
Russia Khanty-Mansi/Yugra
25%
India Ladakh
25%
India Manipur
25%
India Meghalaya
25%
Indonesia Minahasa
25%
India Nagaland
25%
Indonesia Riau
25%
Malaysia Sabah
25%
Russia Sakha
25%
Malaysia Sarawak
25%
China Shanghai
25%
Myanmar Shan State
25%
India Sikkim
25%
Pakistan Sindh
25%
Iran South Azerbaijan
25%
Afghanistan South Turkestan
25%
Azerbaijan Talysh-Mughan
25%
India Tripura
25%
Russia Tuva
25%
Russia Yamalo-Nenets/Yamalia
25%
China Yunnan
25%
Russia Amur Oblast
13%
India Arunachal Pradesh
13%
Myanmar Chin State
13%
India Gujarat
13%
Russia Irkutsk Oblast
13%
Pakistan Khyber Pakhtunkhwa
13%
Russia Koryakia/Koryak Okrug
13%
Russia Krasnoyarsk Krai
13%
India Mizoram
13%
China Ningxia
13%
Indonesia Banten/West Java
0%
China Hunan
0%
India Jharkhand
0%
China Jiangsu
0%
Indonesia Kalimantan
0%
Russia Kamchatka Krai
0%
Russia Krasnodar Krai
0%
Indonesia Malaku
0%
Russia Rostov Oblast
0%
China Shandong
0%
Iran Sistan and Baluchistan
0%
Russia Taymyr Autonomous Okrug
0%
Russia Zabaykalsky Krai
0%
China Zhejiang
0%
No matching quizzes found
Score Distribution
Percent of People with Each Score
Percentile by Number Answered
Your Score History
You have not taken this quiz since the last reset